London market office report (Record no. 106168)

MARC details
000 -LEADER
fixed length control field 01148cam a2200229 4500
001 - CONTROL NUMBER
control field ##L135719
008 - FIXED-LENGTH DATA ELEMENTS--GENERAL INFORMATION
fixed length control field 061128n2006 000 0 eng u
035 ## - SYSTEM CONTROL NUMBER
System control number (Sirsi) u135719
041 0# - LANGUAGE CODE
Language code of text/sound track or separate title eng
050 04 - LIBRARY OF CONGRESS CALL NUMBER
Classification number 333.33016 $2 18
110 2# - MAIN ENTRY--CORPORATE NAME
Corporate name or jurisdiction name as entry element Focus
9 (RLIN) 3296
245 00 - TITLE STATEMENT
Title London market office report
Remainder of title Q3 2006
260 ## - PUBLICATION, DISTRIBUTION, ETC.
Place of publication, distribution, etc. London
Name of publisher, distributor, etc. Focus
Date of publication, distribution, etc. 2006
490 #0 - SERIES STATEMENT
Series statement Focus London Market Office Report
Volume/sequential designation Third Quarter 2006
520 ## - SUMMARY, ETC.
Summary, etc. Demand has been strong across London and during the third quarter 2006 the Southbank has become a key location with 750 000 sq ft transacted. The City experienced the largest number of transactions in five years and the West End saw the highest rents with availability reaching £90 per sq ft. The outlook going into the fourth quarter 2006 is healthy, with investment continuing to increase and confidence in London high.
590 ## - LOCAL NOTE (RLIN)
Local note KA
650 24 - SUBJECT ADDED ENTRY--TOPICAL TERM
Topical term or geographic name entry element FOCUS LONDON MARKET OFFICE REPORT
651 #4 - SUBJECT ADDED ENTRY--GEOGRAPHIC NAME
Geographic name LONDON
690 ## - LOCAL SUBJECT ADDED ENTRY--TOPICAL TERM (OCLC, RLIN)
Topical term or geographic name as entry element PROPERTY-COMMERCIAL PROPERTY-OFFICE PROPERTY
856 40 - ELECTRONIC LOCATION AND ACCESS
Uniform Resource Identifier <a href="https://www.focusnet.co.uk/ProspectHome/view/MarketReports.aspx">https://www.focusnet.co.uk/ProspectHome/view/MarketReports.aspx</a>
Public note View the item free of charge at www.focusnet.co.uk...
942 ## - ADDED ENTRY ELEMENTS (KOHA)
Suppress in OPAC 0
Holdings
Withdrawn status Lost status Source of classification or shelving scheme Damaged status Not for loan Home library Current library Shelving location Date acquired Total Checkouts Full call number Barcode Date last seen Copy number Price effective from Koha item type
    Dewey Decimal Classification     Virtual Virtual Online 28/11/2006   ONLINE PUBLICATION 135719-2001 06/08/2019 1 06/08/2019 Book